| 000 | 00519nmm a2200169Ia 4500 | ||
|---|---|---|---|
| 008 | 251105s9999||||xx |||||||||||||||||und|| | ||
| 020 | _a8477371598 | ||
| 041 | _aspa | ||
| 100 | _aMontoliú, Pedro | ||
| 245 | 0 |
_aMadrid en la Posguerra : _b 1939-1946 Los años de la represión |
|
| 264 |
_a[Madrid, España] : _bSílex Ediciones, _c2007 |
||
| 300 | _a432 páginas | ||
| 490 | _aPeriodismo Histórico | ||
| 650 | _aHistory of Europe: Spain | ||
| 856 | _uhttps://public.digitaliapublishing.com/a/1220 | ||
| 942 | _cCF | ||
| 999 |
_c73469 _d73469 |
||